01225cam a2200325 i 450000100090000000300040000900500170001300800410003001000170007102000180008804000280010604200080013405000220014208200200016410000440018424500860022826400620031430000460037633600210042233700250044333800230046850400670049165000250055865000380058365000280062190600450064994200460069495201420074099900170088218571506OSt20231206111311.0150410s2016 enka b 001 0 eng  a 2015012097 a9781472507907 aDLCbengcDLCerdadDLC apcc00aKZ7145b.B79 201600a341.6909bBRY/W1 aBryant, Michael,d1962-eauthor.91006312aA world history of war crimes :bfrom antiquity to the present /cMichael Bryant. 1aLondon, UK ;aNew York, NY :bBloomsbury Academic,c2016. aviii, 289 pages :billustrations ;c25 cm atext2rdacontent aunmediated2rdamedia avolume2rdacarrier aIncludes bibliographical references (pages 269-282) and index. 0aWar crimesxHistory. 0aCrimes against humanityxHistory. 0aWar (International law) a7bcbccorignewd1eecipf20gy-gencatlg 2ddccBKh341.6909iBRY/Wk341.6909mBRY/W 00102ddc40708SOCIAL SCIENCEaMESbMEScHISd2023-12-06l0o341.6909 BRY/Wp43961r2023-12-06 11:14:01v699.00w2023-12-06yBKzGL42R1 c43780d43780